MDQL
is popping MORE tags! Check the
thread
!
Quizzes
Events
Quiz Creation
Community
Videos
Private Events
Remove Ads
Sign In
Join for FREE
Feedback
Dark Mode
Quiz Categories
Sports
Geography
Music
Movies
Television
Just For Fun
Miscellaneous
History
Literature
Language
Science
Gaming
Entertainment
Religion
Holiday
For Kids
Quiz Lab
Recent
Popular Today
Quiz Kudos Today
Editor Picks
Curator Picks
Quizzes by...
Day
Popularity
Type
Ratings
Length
Year
Community
Subscriptions
Recent Discussions
Orange Saloon
Badges
Playlists
Quests
Create
Leaderboards
Showdown
Live 5
Trivia Bingo
Activity
Puzzle Library
Sporcle Events
Private Events
Virtual Trivia
Globe League
Become a Host
Pub Owners
SporcleCon
Opinionation
Our Games
Videos
Blog
Mobile Apps
Partnerships
Remove Ads and Go Orange
Feedback
Language
Vocabulary
Begins and Ends
Definition
Spanish
French
German
Italian
Chinese
Latin
Translation
Japanese
Language
Vocabulary
Begins and Ends
Definition
Spanish
French
German
Italian
Chinese
Latin
Translation
Japanese
Random Quiz
Search Sporcle
×
Quiz Lab
Quiz Lab
Language
Vocabulary
Type in answers that appear in a list
Type in answers that appear in a list
Classic
Best Score? Go Orange.
Mongolian Drinks and Snacks Stats
Can you name the Mongolian Drinks and Snacks?
By
MongolianVocab
5m
21 Questions
21 Plays
21 Plays
21 Plays
Comments
Comments
Give Quiz Kudos
Give Quiz Kudos
-
- Ratings
hide this ad
More Info
Forced Order
Answers have to be entered in order
Answers have to be entered in order
Random Order
Randomize order of answers
Randomize order of answers
Replay
Link that replays current quiz
Next Quiz
Link to next quiz in quiz playlist
You Got
0%
They Got
Avg Score
74%
Avg Friend Score
Upgrade to see
Score Distribution
Jump to the score distribution portion of the page
Score
0/21
Timer
05:00
0
Plays Today
Mongolian Name
English Name
% Correct
Цай
Tea
90.5%
Сүү
Milk
90.5%
Кофe
Coffee
90.5%
Жүүс
Juice
85.7%
Ус
Water
85.7%
Шоколад
Chocolate
85.7%
Чипс
Chips
81%
Чихэр
Candy
81%
Шар Айраг/
пиво
Beer
81%
Архи
Vodka
81%
Сүүтай Цай
Milk Tea
76.2%
Mongolian Name
English Name
% Correct
Самар
Nuts
76.2%
Жимсний Цай
Fruit Tea
76.2%
Кeкс
Cake
71.4%
Ундаа
Soda Pop
66.7%
Дарс
Wine
66.7%
Зайрмаг
Ice Cream
66.7%
Цэвэр ус
Bottled Water
57.1%
Пeчeнь
Cookies
52.4%
Бохь
Gum
52.4%
Модтой чихэр
Lollipop
52.4%
Quiz Playlist
Details
Report
Send in Message
Add To Playlist
More Info:
Enter the English translation of the given Mongolian words. This quiz' answers refer to drinks and snacks.
Classic:
Type in answers that appear in a list
Forced Order:
Answers have to be entered in order
Random Order:
Randomize order of answers
Last Updated: Feb 16, 2017
Quiz Scoreboard
CHALLENGE
Sign Up to Join the Scoreboard
Show All
Scores
Hide
Comments
May contain spoilers
Recently Published
Holiday 10x10 Sorting Gallery
by lukepisani3
Holiday
15m
Two Season TV Shows II
by 123Four
Television
10m
Image Sorting: Flags VI
by Barbecue
Geography
2m
More to Explore
Quiz From the Vault
Featured Blog Post
14 Easter Pick-up Lines to Find Eggs With
hide this ad
You Might Also Like...
Tags
Vocabulary Quiz
Mongolian
Today's Top Quizzes in Language
Browse Language
hide this ad
Today's Top Quizzes in Vocabulary
Browse Vocabulary
Top Contributed Quizzes in Language
1
What Word Starts All?
2
1-10 Letter F Words III
3
1-10 Letter G Words III
4
Weisst du, aus welchen Sprachen diese Wörter stammen?
5
1-10 Letter H Words III
6
Harry Potter book 6 chapters: English & Greek
7
Arabic Numerals
8
One Thing in Common: Italy
9
1-10 Letter I Words III
10
Celtic Nations in their Language
Explore More
Trending Topics
Harry Potter
Kpop
Anime
Crossword
Disney
NBA
Marvel
Puzzle
Pokémon
Country
NFL
Soccer
WWE
Song
The Office
hide this ad
More By:
MongolianVocab
Quiz
Plays
Rating
Category
Featured
Created
Жинхэнэ Mongolian Things
46
1.50
Language
Mar 8, 2013
Mongolian Fruits and Vegetables
38
Language
Mar 8, 2013
Mongolian Meats, Grains, and Dairy
30
5.00
Language
Mar 8, 2013
Mongolian Drinks and Snacks
21
Language
Mar 8, 2013
Mongolian Body Parts
21
Language
Mar 20, 2013
Go to Creator's Profile
Score Distribution
Quiz Creator Spotlight
MongolianVocab
Follow
Send a Message
Quizzes Created
-
Created Quiz Play Count
-
More By This Creator
Popular Quizzes Today
1
Find the US States - No Outlines Minefield
2
Colored Red Africa Blitz
3
Find the 'City' Movie
4
The Countries of the World
5
5x2 Blitz: Bands
6
Find the Countries of Europe - No Outlines Minefield
7
Find the US States
8
US States
More Language Quizzes
An Arm or a Leg?
Published
Trending Quizzes
Colored Red Europe Blitz I
Colored Red Europe Blitz II
Colored Red Africa Blitz II
Even More Two Season TV Shows
Colored Red Africa Blitz III
Recently Updated
Odd Team Out - Big 4 Players
pecheneg
Quick Pick: 20 Twenties
pecheneg
March Madness Men's Triple Doubles
pecheneg
How Do You Spell That?
pecheneg
Godzilla Movies
pecheneg
Grab Bag: 4-10 Letters
pecheneg
2024 March Madness Bracket
pecheneg
Famous TV Couples
Peacemaker
Champions League XIs: Real Madrid
pecheneg
Largest US Cities 1790-2010
pecheneg
Trending Topics
NBA
Harry Potter
Crossword
Disney
Kpop
Anime
Marvel
Country
Song
The Office
Puzzle
NFL
Soccer
WWE
Pokémon
Your Account Isn't Verified!
In order to create a playlist on Sporcle, you need to verify the email address you used during registration. Go to your
Sporcle Settings
to finish the process.
Report this User
Report this user for behavior that violates our
Community Guidelines
.
Details:
Send Report
Go to the Sporcle.com Mobile Site →
Comments